Statistiques concernant Football - Tous les joueurs de PL - 2023/2024 (Avec Yellow Box) - Prt1

Cliquez ici pour prendre le quiz!

Statistiques générales

  • Ce quiz a été pris 5 fois
    (3 depuis la dernière actualisation)
  • Le résultat moyen est 30 sur 494

Statistiques - réponses

ClubAnnée naissanceNationalitéPosteJoueur% Correct
MCI1993BrésilGEderson
100%
MCI1971EspagneCoachPep Guardiola
100%
MCI1997PortugalDCRuben Dias
67%
ARS1998AngleterreGAaron Ramsdale
33%
MUFC1997AngleterreDDAaron Wan-Bissaka
33%
MUFC2004ArgentineAGAlejandro Garnacho
33%
LIV1998ArgentineMCAlexis Mac Allister
33%
LIV1992BrésilGAlisson
33%
MUFC1996CamerounGAndre Onana
33%
LIV1994EcosseDGAndrew Robertson
33%
MUFC1995FranceACAnthony Martial
33%
MUFC2000BrésilADAntony
33%
CHE1998FranceDCAxel Disasi
33%
CHE1996AngleterreDGBen Chilwell
33%
CHE2001FranceDCBenoit Badiashile
33%
MCI1994PortugalMOC/ADBernardo Silva
33%
MUFC1994PortugalMOCBruno Fernandes
33%
ARS2001AngleterreADBukayo Saka
33%
MUFC1992BresilMDCCasemiro
33%
MUFC1992DanemarkMCChristian Eriksen
33%
CHE1997FranceMOC/ACChristopher Nkunku
33%
CHE2002AngleterreMOCCole Palmer
33%
TOT1998ArgentineDCCristian Romero
33%
LIV2001AngleterreMCCurtis Jones
33%
LIV1999UruguayACDarwin Nunez
33%
ARS1999AngleterreMDCDeclan Rice
33%
MUFC1999PortugalDDDiogo Dalot
33%
LIV1996PortugalAG/ACDiogo Jota
33%
AVFC1992ArgentineGEmiliano Martinez
33%
CHE2001ArgentineMCEnzo Fernandez
33%
MUFC1970Pays-BasCoachErik Ten Hag
33%
MCI2000NorvègeACErling Haaland
33%
ARS1997BrésilDCGabriel
33%
ARS1997BrésilACGabriel Jesus
33%
ARS2001BrésilAGGabriel Martinelli
33%
MUFC1993AngleterreDCHarry Maguire
33%
TOT1992Corée du SudAG/BUHeung-Min Son
33%
LIV1999FranceDCIbrahima Konate
33%
MCI1995AngleterreAGJack Grealish
33%
MCI2002BelgiqueAGJeremy Doku
33%
LIV1991CamerounDCJoel Matip
33%
MCI1994AngleterreDCJohn Stones
33%
ARS1991ItalieMCJorginho
33%
MCI2002CroatieDC/DGJosip Gvardiol
33%
MCI2000ArgentineACJulian Alvarez
33%
LIV1967AllemagneCoachJurgen Klopp
33%
MCI1991BelgiqueMOCKevin De Bruyne
33%
MCI1990AngleterreDDKyle Walker
33%
AVFC1997JamaïqueAGLeon Bailey
33%
MUFC1998ArgentineDCLisandro Martinez
33%
AVFC1993FranceDGLucas Digne
33%
LIV1997ColombieAGLuiz Diaz
33%
MUFC1995AngleterreDGLuke Shaw
33%
MCI1995SuisseDCManuel Akanji
33%
CHE1998EspagneDGMarc Cucurella
33%
MUFC1997AngleterreAG/ACMarcus Rashford
33%
ARS1998NervègeMOCMartin Odegaard
33%
MCI1994CroatieMCMatteo Kovacic
33%
CHE1972ArgentineCoachMauricio Pochettino
33%
ARS1982EspagneCoachMikel Arteta
33%
LIV1992EgypteADMohamed Salah
33%
CHE2001EquateurMDCMoises Caicedo
33%
AVFC1999FranceADMoussa Diaby
33%
CHE2001UkraineADMykhaylo Mudryk
33%
MCI1995Pays-BasDCNathan Aké
33%
CHE2001SénégalACNicolas Jackson
33%
ARS1996UkraineDGOleksandr Zinchenko
33%
AVFC1995AngleterreACOllie Watkins
33%
MCI2000AngleterreMOC/ADPhil Foden
33%
CHE1994AngleterreADRaheem Sterling
33%
MUFC1993FranceDCRaphaël Varane
33%
CHE1999AngleterreDDReece James
33%
TOT1997BrésilACRicharlison
33%
MCI1996EspagneMDCRodri
33%
MCI1985AngleterreGScott Carson
33%
MUFC1996EcosseMDCScott McTominay
33%
MUFC1996MarocMDCSofyan Amrabat
33%
MCI1992AllemagneGStefan Ortega
33%
CHE1984BrésilDCThiago Silva
33%
ARS1993GhanaMDCThomas Partey
33%
LIV1998AngleterreDDTrent Alexander Arnold
33%
AVFC1971EspagneCoachUnai Emery
33%
MUFC1994SuèdeDCVictor Lindelof
33%
LIV1991Pays-BasDCVirgil Van Dijk
33%
CHE2000FranceDCWesley Fofana
33%
ARS2001FranceDCWilliam Saliba
33%
WHU1989AngleterreDGAaron Cresswell
0%
BRE2002EcosseDDAaron Hickey
0%
BFC2003AngleterreMOCAaron Ramsey
0%
EVE1993MaliMCAbdoulaye Doucoure
0%
BHA1988AngleterreMOCAdam Lallana
0%
AFCB1991AngleterreDDAdam Smith
0%
BHA1995AngleterreDCAdam Webster
0%
CRY2004AngleterreMCAdam Wharton
0%
LIV1987EspagneGAdrian
0%
AFCB2003AngleterreMCAlew Scott
0%
NUFC1999SuèdeACAlexander Isak
0%
FFC1996NigeriaMOCAlex Iwobi
0%
AVFC1993EspagneDGAlex Moreno
0%
CHE2003AngleterreDCAlfie Gilchrist
0%
TOT1998AngleterreGAlfie Whiteman
0%
WHU1993FranceGAlphonse Areola
0%
MUFC1998TurquieGAltay Bayindir
0%
FFC1996EspagneADAmada Traoré
0%
MUFC2002Cote d'IvoireADAmad Diallo
0%
EVE2001BelgiqueMDCAmadou Onana
0%
BFC2002BelgiqueDCAmeen Al-Dakhil
0%
AFCB1982EspagneCoachAndoni Iraola
0%
FFC1996BrésilMOCAndreas Pereira
0%
EVE1993PortugalMCAndré Gomes
0%
AFCB1997RoumanieGAndrei Radu
0%
NFO2002IrlandeDCAndrew Omobamidele
0%
EVE1983AngleterreGAndy Lonergan
0%
WHU1988ItalieDCAngelo Ogbonna
0%
TOT1965AustralieCoachAnge Postecoglou
0%
BHA2002EspagneAGAnsu Fati
0%
NUFC2001AngleterreAGAnthony Gordon
0%
AFCB2000GhanaADAntoine Semenyo
0%
FFC1997Etats-UnisDGAntonee Robinson
0%
NFO2002SuèdeAG/ADAntony Elanga
0%
BFC1998KosovoGArijanet Muric
0%
FFC2001AlbanieACArmando Broja
0%
EVE1997Pays-BasAGArnaut Danjuma
0%
EVE1985AngleterreDGAshley Young
0%
BHA2002Pays-BasGBart Verbruggen
0%
TOT1993Pays de GallesDGBen Davies
0%
LIV2005EcosseADBen Doak
0%
EVE1998AngleterreDCBen Godfrey
0%
WHU2000AngleterreDDBen Johnson
0%
BRE1989AngleterreDCBen Mee
0%
BFC1997BelgiqueADBenson Manuel
0%
ARS1997AngleterreDDBen White
0%
FFC1992AllemagneGBernd Leno
0%
EVE1998PortugalACBeto
0%
BHA2001AngleterreMDCBilly Gilmour
0%
LIV2005AngleterreMCBobby Clark
0%
FFC1993JamaïqueMOCBobby de Cordova-Reid
0%
AVFC1999FranceMDCBoubacar Kamara
0%
WOL2001MaliMDCBoubacar Traoré
0%
TOT1999AngleterreGBrandon Austin
0%
TOT2001Pays de GallesAD/ACBrennan Johnson
0%
NUFC1997BrésilMDCBruno Guimaraes
0%
TOT2001EspagneADBryan Gil
0%
BRE1999CamerounAD/ACBryan Mbeumo
0%
NFO2000AngleterreAGCallum Hudson-Odoi
0%
NUFC1992AngleterreACCallum Wilson
0%
AVFC1995AngleterreDCCalum Chambers
0%
FFC1999NigériaDCCalvin Bassey
0%
LIV1998IrlandeGCaoimhin Kelleher
0%
BHA2004CamerounMDCCarlos Baleba
0%
CHE2003AngleterreMCCarne Chukwuemeka
0%
ARS1991PortugalDDCedric Soares
0%
CHE2003ItalieMCCesare Casadei
0%
BFC1993AngleterreDGCharlie Taylor
0%
CRY2000MaliMDCCheick Doucoure
0%
NFO1989SénégalMDCCheikhou Kouyate
0%
EVE2004PortugalACChermiti
0%
AFCB1997Pays de GallesDCChris Mepham
0%
CRY2000Etats-UnisDCChris Richards
0%
BRE1994DanemarkMDCChristian Norgaard
0%
NFO1991AustralieACChris Wood
0%
AVFC1995FranceDCClément Lenglet
0%
LIV1999Pays-BasAGCody Gakpo
0%
LIV2003AngleterreDDConor Bradley
0%
CHE2000AngleterreMCConor Gallagher
0%
WOL1990AngleterreDCCraig Dowson
0%
NUFC1992AngleterreDGDan Burn
0%
AFCB2002Burkina FasoADDango Ouattara
0%
WOL1993AngleterreGDaniel Bentley
0%
CRY1996ColombieDDDaniel Munoz
0%
NFO2001BrésilMCDanilo
0%
WHU1992AngleterreACDanny Ings
0%
BHA1990AngleterreACDanny Welbeck
0%
BFC1999IrlandeDCDara O'Shea
0%
AFCB1987IrlandeGDarren Randolph
0%
BFC2002Cote d'IvoireACDavid Datro Fofana
0%
WHU1963EcosseCoachDavid Moyes
0%
ARS1995EspagneGDavid Raya
0%
CRY1997AngleterreGDean Henderson
0%
CHE2005BrésilACDeivid Washington
0%
TOT2000SuèdeADDejan Kulusevski
0%
EVE1996AngleterreMOCDele Alli
0%
TOT2002NigériaDGDestiny Udogie
0%
AVFC1993BrésilDCDiego Carlos
0%
CHE2004BrésilADDiego Moreira
0%
WHU2004AngleterreACDivin Mubama
0%
NFO1995BelgiqueACDivock Origi
0%
CHE1999CroatieGDjordje Petrovic
0%
EVE1997AngleterreACDominic Calvert-Lewin
0%
AFCB1997AngleterreACDominic Solanke
0%
LIV2000HongrieMCDominik Szoboszlai
0%
AVFC1998BrésilMCDouglas Luiz
0%
EVE1999AngleterreAGDwight McNeil
0%
CRY1998AngleterreMOCEberechi Eze
0%
NUFC1977AngleterreCoachEddie Howe
0%
ARS1999AngleterreACEddie Nketiah
0%
WHU1997MexiqueMDCEdson Alvarez
0%
BRE1999AngleterreGEllery Balcombe
0%
NUFC2002EcosseMCElliot Anderson
0%
WHU1994ItalieDGEmerson
0%
TOT1999BrésilDDEmerson Royal
0%
ARS2000AngleterreMOCEmile Smith Rowe
0%
AVFC1996ArgentineADEmiliano Buendia
0%
NUFC1994SuèdeDDEmil Krafth
0%
AFCB1997TurquieACEnes Unal
0%
WOL2005ParaguayAGEnso Gonzalez
0%
BRE1993JamaïqueDCEthan Pinnock
0%
BHA2004IrlandeACEvan Ferguson
0%
AVFC1997AngleterreDCEzri Konsa
0%
NUFC1991SuisseDCFabian Schar
0%
ARS2000PortugalMOCFabio Vieira
0%
BHA2004ArgentineMOCFacundo Buonanotte
0%
NFO1989BrésilDCFelipe
0%
FFC1997SénégalDGFode Ballo-Touré
0%
BRE1998NigériaMCFrank Onyeka
0%
TOT1988AngleterreGFraser Forster
0%
WOL1983AngleterreCoachGary O'Neil
0%
TOT1996ArgentineMOCGiovani Lo Celso
0%
NFO2002Etats-UnisMOC/ADGiovanni Reyna
0%
NFO1997ArgentineDDGonzalo Montiel
0%
TOT1996ItalieGGuglielmo Vicario
0%
BRE2001IslandeGHakon Rafn Valdimarsson
0%
BFC1999BelgiqueDCHannes Delcroix
0%
BFC2001FranceMDCHan Noah Massengo
0%
FFC1995AngleterreMCHarrison Reed
0%
NFO1989IrlandeMCHarry Arter
0%
NFO1995AngleterreDGHarry Toffolo
0%
FFC1997Pays de GallesADHarry Wilson
0%
NUFC1997AngleterreAGHarvey Barnes
0%
LIV2003AngleterreMC/MOCHarvey Elliot
0%
WOL1996Corée du SudACHee-Chan Hwang
0%
BFC1998SuèdeDCHjalmar Ekdal
0%
WOL2002EspagneDGHugo Bueno
0%
NFO1997Cote d'IvoireMDCIbrahim Sangare
0%
EVE1989SenegalMCIdrissa Gueye
0%
BHA1998BrésilDCIgor
0%
AFCB2002UkraineDCIlya Zabarnyi
0%
FFC1997FranceDCIssa Diop
0%
BRE1996AngleterreACIvan Toney
0%
BFC1989AngleterreMDCJack Cork
0%
EVE1996AngleterreADJack Harrison
0%
BHA2005AngleterreMDCJack Hinshelwood
0%
BFC1998DanemarkAGJacob Bruun Larsen
0%
NUFC1995AngleterreADJacob Murphy
0%
AVFC2001AngleterreMCJacob Ramsey
0%
CRY1996Pays-BasMDCJairo Riedewald
0%
ARS2000PologneDGJakub Kiwior
0%
BHA1999PologneMCJakub Moder
0%
NUFC1993AnglaisDCJamaal Lascelles
0%
EVE2001AngleterreMDCJames Garner
0%
AFCB2002AngleterreDCJames Hill
0%
TOT1996AngleterreMOCJames Maddison
0%
BHA1986AngleterreMCJames Milner
0%
EVE1992AngleterreDCJames Tarkowski
0%
CRY1989AngleterreDCJames Tomkins
0%
BFC2002AngleterreGJames Trafford
0%
WHU1994AngleterreMCJames Ward-Prowse
0%
LIV2003AngleterreDCJarell Quansah
0%
WHU1996AngleterreAGJaren Bowen
0%
EVE2002AngleterreDCJarrad Branthwaite
0%
BHA1990AngleterreGJason Steele
0%
BFC1989AngleterreACJay Rodriguez
0%
BHA2000Pays-BasDCJean Paul Van Hecke
0%
CRY1997FranceACJean-Philippe Mateta
0%
WOL1998FranceMCJean-Ricner Bellegrade
0%
CRY1994ColombieMDCJefferson Lerma
0%
CRY1992GhanaMGJeffrey Schlupp
0%
CRY2002AngleterreADJesurun Rak-Sakyi
0%
AVFC2003ColombieACJhon Duran
0%
AVFC1994EcosseMCJhon McGinn
0%
CRY1996DanemarkDCJoachim Andersen
0%
WOL2001PortugalMCJoao Gomes
0%
FFC1995BrésilMDCJoao Palhinha
0%
BHA2001BrésilAC/AGJoao Pedro
0%
EVE1999PortugalGJoao Virginia
0%
AVFC2000AustralieGJoe Gauci
0%
LIV1997AngleterreDCJoe Gomez
0%
NUFC1996BrésilMCJoelinton
0%
BHA1992Pays-BasDDJoël Veltman
0%
CRY1989AngleterreDDJoel Ward
0%
CRY2004AngleterreGJoe Whitworth
0%
NUFC1999AngleterreMCJoe Willock
0%
BFC1990IslandeADJohann Berg Gudmundsson
0%
MUFC1988Irlande du nordDCJonny Evans
0%
CRY1991GhanaAC/2ndJordan Ayew
0%
BFC2000AllemagneDCJordan Beyer
0%
EVE1994AngleterreGJordan Pickford
0%
WHU2000AngleterreGJoseph Anang
0%
WOL1993PortugalGJose Sa
0%
BFC1995AngleterreMCJosh Brownhill
0%
BFC1996IrlandeMCJosh Cullen
0%
BRE1998AngleterreMCJosh Dasilva
0%
BHA2004ParaguayMOC/AGJulio Enciso
0%
ARS2001Pays-BasDC/DGJurrien Timber
0%
AFCB1999Pays-BasAGJustin Kluivert
0%
ARS1999AllemagneMC/MOCKai Havertz
0%
AVFC2002AngleterreDDKaine Kesler-Hayden
0%
WHU1995AngleterreMDCKalvin Phillips
0%
BHA1997JaponAGKaoru Mitoma
0%
ARS2002EstonieGKarl Hein
0%
BRE2001AngleterreAGKeane Lewis-Potter
0%
FFC1995Pays-BasDDKenny Tete
0%
BRE2001AllemagneADKevin Schade
0%
NUFC1990AngleterreDDKieran Trippier
0%
MUFC2005AngleterreMCKobbie Mainoo
0%
WHU1997GrèceDCKonstantinos Mavropanos
0%
LIV1996GrèceDGKonstantinos Tsimikas
0%
AVFC1995AngleterreDCKortney Hause
0%
BRE1998NorvègeDCKristoffer Ajer
0%
WHU1994FranceDCKurt Zouma
0%
BFC1993ChiliGLawrence Vigouroux
0%
ARS1994BelgiqueAGLeandro Trossard
0%
WOL2006AngleterreACLeon Chiwome
0%
CHE2004FranceMDCLesley Ugochukwu
0%
CHE2003AngleterreDCLewi Colwill
0%
AFCB1997AngleterreMCLewis Cook
0%
EVE2003AngleterreAGLewis Dobbin
0%
BHA1991AngleterreDCLewis Dunk
0%
NUFC2004AngleterreDGLewis Hall
0%
NUFC2006AngleterreMCLewis Miley
0%
AFCB1998AngleterreDCLloyd Kelly
0%
BFC2000FranceDDLorenz Assignon
0%
NUFC1993AllemagneGLoris Karius
0%
BFC2004ItalieAGLuca Koleosho
0%
WHU1997BrésilMOC/AGLucas Paqueta
0%
AFCB1999ColombieAGLuis Sinisterra
0%
WHU1985PologneGLukasz Fabianski
0%
BFC2000Afrique du SudACLyle Foster
0%
BRE1999DanemarkDDMads Roerslev
0%
CHE1999FranceDCMalang Sarr
0%
CHE2003FranceDDMalo Gusto
0%
TOT1999IsraëlAGManor Salomon
0%
CRY2000AngleterreDCMarc Guéhi
0%
FFC1977PortugalCoachMarco Silva
0%
AFCB1997ArgentineDCMarcos Senesi
0%
CHE1992AngleterreGMarcus Bettinelli
0%
AFCB1999AngleterreAGMarcus Tavernier
0%
FFC1996SlovaquieGMarek Rodak
0%
WOL1993GabonMDCMario Lemina
0%
BRE1993Pays-BasGMark Flekken
0%
NUFC1992AngleterreGMark Gillespie
0%
AFCB1999AngleterreGMark Travers
0%
NUFC1989SlovaquieGMartin Dubravka
0%
MUFC1999AngleterreMOCMason Mount
0%
WOL1999BrésilAC/2ndMatheus Cunha
0%
CRY2004BrésilMOCMatheus França
0%
MCI1998PortugalMCMatheus Nunes
0%
BRE1996DanemarkMCMathias Jensen
0%
WOL1992IrlandeDDMatt Doherty
0%
NUFC1989EcosseMC/MGMatt Ritchie
0%
NUFC1995AngleterreDGMatt Targett
0%
NFO1994Etats-UnisGMatt Turner
0%
AVFC1997PologneDDMatty Cash
0%
NFO1992BelgiqueGMatz Sels
0%
AFCB2000AngleterreDDMax Aarons
0%
BFC2002FranceDCMaxime Estève
0%
WOL1997AngleterreDCMax Kilman
0%
WHU1996Cote d'IvoireAGMaxwel Cornet
0%
EVE1993AngleterreDCMichael Keane
0%
CRY2001FranceAD/MOCMichael Olise
0%
WHU1990JamaïqueACMichail Antonio
0%
TOT2001Pays-BasDCMicky Van de Ven
0%
NUFC1994ParaguayADMiguel Almiron
0%
BFC1999BelgiqueAGMike Trésor
0%
BRE2000DanemarkAGMikkel Damsgaard
0%
AFCB2003HongrieDGMikos Kerkez
0%
ARS1992EgypteMCMohamed Elneny
0%
WHU2000GhanaMOC/ADMohamed Kudus
0%
NFO2000AngleterreMOCMorgan Gibbs-White
0%
AVFC2002AngleterreAGMorgan Rogers
0%
NFO1996FranceDCMoussa Niakhate
0%
NFO2002BrésilDCMurillo
0%
CRY2002FranceMCNaouirou Ahamada
0%
BRE2001IralndeDCNathan Collins
0%
CRY2000AngleterreDCNathan Ferguson
0%
WOL2005IrlandeACNathan Fraser
0%
CRY1991AngleterreDDNathaniel Clyne
0%
EVE2001EcosseDDNathan Patterson
0%
BFC1994AngleterreADNathan Redmond
0%
WHU1996MarocDCNayef Aguerd
0%
BRE1996FranceACNeal Maupay
0%
NFO2001Pays de GallesDGNeco Williams
0%
WOL1993PortugalDDNelson Semedo
0%
AFCB1989BrésilGNeto
0%
NUFC1992AngleterreGNick Pope
0%
NFO1998ArgentineMCNicolas Dominguez
0%
AVFC1999ItalieMOCNicolo Zaniolo
0%
WOL2005FranceMOCNoah Lemina
0%
CHE2002AngleterreAGNoni Madueke
0%
NFO1974PortugalCoachNuno Esperito Santo
0%
NFO2000PortugalDGNuno Tavares
0%
CRY1998FranceACOdsonne Edouard
0%
NFO1994GrèceGOdysseas Vlachodimos
0%
NFO1996NigériaDDOla Aina
0%
CRY1974AutricheCoachOliver Glasner
0%
TOT2000AngleterreMDCOliver Skipp
0%
MCI2003NorvègeAD/MOCOscar Bobb
0%
WOL1992EspagneADPablo Sarabia
0%
TOT2002SénégalMCPape Matar Sarr
0%
BHA1991AllemagneMCPascal Gross
0%
NUFC1991Pays de GallesDCPaul Dummett
0%
AVFC1997EspagneDCPau Torres
0%
WOL2000PortugalADPedro Neto
0%
TOT1999EspagneDDPedro Porro
0%
BHA1998EquateurDGPernis Estupinan
0%
AFCB1996DanemarkMCPhilip Billing
0%
TOT1995DanemarkMDCPierre-Emile Hojbjerg
0%
TOT2002RoumanieDCRadu Dragusin
0%
MUFC2003DanemarkACRasmus Hojlund
0%
FFC1991MexiqueACRaul Jimenez
0%
WOL2001AlgérieDGRayan Aït-Nouri
0%
ARS1999AngleterreADReiss Nelson
0%
CRY1994AngleterreGRémi Matthews
0%
LIV2001AngleterreDCRhys Williams
0%
BRE1997AngleterreDGRico Henry
0%
MCI2004AngleterreDDRico Lewis
0%
BHA1979ItalieCoachRoberto De Zerbi
0%
CHE1997EspagneGRobert Sanchez
0%
CRY1995AngleterreDCRob Holding
0%
AVFC1990SuèdeGRobin Olsen
0%
TOT1997UruguayMCRodrigo Bentancur
0%
FFC2001BrésilACRodrigo Muniz
0%
NFO2005PortugalACRodrigo Ribeiro
0%
AFCB1998FranceMOC/MDRomain Faivre
0%
CHE2004BelgiqueMDCRomeo Lavia
0%
AFCB1995EcosseMOCRyan Christie
0%
AFCB1992AngleterreDDRyan Fredericks
0%
LIV2002Pays-BasMCRyan Gravenberch
0%
TOT2000AngleterreMGRyan Sessegnon
0%
BRE2003AngleterreMCRyan Trevitt
0%
NFO1997AngleterreMCRyan Yates
0%
BRE1993IranMOCSaman Ghoddos
0%
CRY1993AngleterreGSam Johnstone
0%
BFC1998NorvègeMDCSander Berge
0%
NUFC2000ItalieMDCSandro Tonali
0%
WOL1998UruguayDCSantiago Bueno
0%
FFC1996SerbieMCSasa Lukic
0%
EVE1988IrlandeDDSeamus Coleman
0%
EVE1971AngleterreCoachSean Dyche
0%
NUFC1997AngleterreMCSean Longstaff
0%
MCI2000EspagneDGSergio Gomez
0%
BRE1996EspagneDGSergio Reguilon
0%
BRE1998GrenadeMCShandon Baptiste
0%
MUFC2004AngleterreMOCShola Shoretire
0%
BHA2002Cote d'IvoireAG/ADSimon Adingra
0%
BHA1994AngleterreADSolly March
0%
LIV2004EspagneMDCStefan Bajcetic
0%
FFC1998AllemagneGSteven Benda
0%
NUFC2000Pays-BasDCSven Botman
0%
NFO1997NigériaACTaiwo Awoniyi
0%
ARS1998JaponDDTakehiro Tomiyasu
0%
BHA2000GhanaDDTariq Lamptey
0%
CHE1999AngleterreDCThevoh Chalobah
0%
LIV1991EspagneMCThiago
0%
BRE1973DanemarkCoachThomas Frank
0%
BRE1995AlbanieGThomas Strakosha
0%
AVFC2003AngleterreMCTim Iroegbunam
0%
FFC1995BelgiqueDDTimothy Castagne
0%
TOT1998AllemagneAC/AGTimo Werner
0%
FFC1987Etats-UnisDCTim Ream
0%
NUFC2002AngleterreDDTino Livramento
0%
WHU1995Republique TchèqueMDCTomas Soucek
0%
FFC1991EcosseMCTom Cairney
0%
MUFC1986AngleterreGTom Heaton
0%
WOL1995Pays de GallesGTom King
0%
BHA2000CanadaGTom McGill
0%
WOL2001AngleterreMCTommy Doyle
0%
FFC1997AngleterreDCTosin Aradabioyo
0%
WOL1999PortugalDCToti
0%
AFCB1999Etats-UnisMDCTyler Adams
0%
EVE2003AngleterreMCTyler Onyango
0%
MUFC1999Pays-BasDGTyrell Malacia
0%
CRY1999AngleterreDGTyrick Mitchell
0%
AVFC1993AngleterreDCTyrone Mings
0%
BHA2004ArgentineMGValentin Barco
0%
BFC1986BelgiqueCoachVincent Kompany
0%
EVE1999UkraineDGVitaliy Mykolenko
0%
BRE1998AllemagneMDCVitaly Janelt
0%
BFC1999BrésilDDVitinho
0%
WHU1992Republique TchèqueDDVladimir Coufal
0%
LIV1993JaponMDCWataru Endo
0%
NFO1987Pays de GallesGWayne Hennessey
0%
CRY1995AngleterreMCWill Hugues
0%
FFC1988BrésilAGWillian
0%
NFO1991Cote d'IvoireDCWilly Boly
0%
MUFC2004FranceDCWilly Kambwala
0%
BFC2004FranceAGWilson Odobert
0%
BRE2004UkraineMOCYegor Yarmolyuk
0%
BRE1996RDCAG/ACYoane Wissa
0%
AVFC1997BelgiqueMCYouri Tielemans
0%
BRE2006TurquieMDCYunus Emre Konak
0%
TOT1996MaliMCYves Bissouma
0%
BRE1990DanemarkDCZanka
0%
BFC2000SuisseACZeki Amdouni
0%

Distribution des résultats

Percentile par nombre de réponses

% des personnes avec chaque résultat

Votre développement - résultats

Vous n’avez pas pris ce quiz depuis la dernière actualisation